Company to Country - Statistics

General Stats
  • This quiz has been taken 38 times
  • The average score is 19 of 21
Answer Stats
Company Country % Correct
3) Quantas, Billabong, Westfield Australia
100%
10) Lego, Maersk, Novo Nordisk Denmark
100%
6) L'Oreal, Peugeot, LV France
100%
1) BMW, Aldi, Mercedes Germany
100%
3) Prada, Versace, Ferrari Italy
100%
9) Toyota, Yokohama, Honda Japan
100%
8) Hyundai, Samsung South Korea
100%
2) Google, Disney, Ford United States
100%
12) RyanAir, Guiness, Jameson Ireland
97%
17) Saudi Aramco, Almarai, ACWA Power Saudi Arabia
97%
13) Santander, Telefonica, ACS Spain
97%
7) Volvo, Spotify, H&M Sweden
97%
16) Toblerone, UBS, Nestle Switzerland
97%
5) BP, Tesco, Barclays United Kingdom
97%
4) Lululemon, Tim Hortons Canada
92%
15) Nokia, Neste, Kone Finland
92%
11) Airbus, Heineken, Stellantis Netherlands
92%
18) Skoda, Avast, Bat'a Czech Republic
78%
14) Modelo, Cemex, Bimbo Mexico
78%
19) Skype, Bolt, Pipedrive Estonia
59%
20) PKN Orlen, LPP, Asseco IT Poland
57%
No matching quizzes found
Score Distribution
Percent of People with Each Score
Percentile by Number Answered
Your Score History
You have not taken this quiz